| 000 | 00575nam a22001697a 4500 | ||
|---|---|---|---|
| 003 | NUST | ||
| 038 | _aNusrat Nadeem | ||
| 082 | _a200 | ||
| 100 |
_aBatool, Samera _9124545 |
||
| 245 |
_aInternet of Things (IoT) Data Analytics for User Authentication & Activity Recognition/ _cSamera Batool, |
||
| 264 |
_aRawalpindi; _bEME College NUST _c2022 |
||
| 300 |
_a138,p. _bill; _c30,cm. |
||
| 650 |
_aPhD-Computer Software Engineering _9124478 |
||
| 700 |
_aSupervisor: Dr. Ali Hassan _969910 |
||
| 856 | _u http://10.250.8.41:8080/xmlui/handle/123456789/34776 | ||
| 942 |
_2ddc _cSC |
||
| 999 |
_c610372 _d610372 |
||